LEADER 01213nam0M2200385--I450- 001 990000667470203316 005 20050520191756.0 010 $a88-215-4277-7 035 $a0066747 035 $aUSA010066747 035 $a(ALEPH)000066747USA01 035 $a0066747 100 $a20011005d2000----||itac0103ba 101 $aita 102 $aIT 200 1 $aChe cos'e l' uomo perche te ne curi?$fLuigi Giussani$ga cura di Milene Di Gioia 210 $aCinisello Balsamo$cSan Paolo$dcopyr. 2000 215 $a198 p.$d21 cm 225 0 $a<> uomo davanti a Dio$v2 410 1$12001$a<> uomo davanti a Dio 606 0 $aBibbia. Vecchio Testamento. Salmi$xCommenti 676 $a223.2077 700 1$aGIUSSANI,$bLuigi$0159648 702 1$aDI GIOIA,$bMilene 801 0$aIT$bICCU$c20010828 912 $a990000667470203316 951 $aII.2. 2740(XIV COLL. 227 2)$b156745 L.M.$cXIV COLL.$d00071172 959 $aBK 969 $aUMA 979 $aALESSANDRA$b40$c20011005$lUSA01$h1035 979 $c20020403$lUSA01$h1716 979 $aPATRY$b90$c20040406$lUSA01$h1646 979 $aCOPAT6$b90$c20050520$lUSA01$h1917 996 $aChe cos'e l' uomo perche te ne curi$9959295 997 $aUNISA LEADER 01074nam a2200289 i 4500 001 991000792679707536 005 20020507173644.0 008 990308s1998 sz ||| | eng 020 $a376435805X 035 $ab10757995-39ule_inst 035 $aLE01302399$9ExL 040 $aDip.to Matematica$beng 082 0 $a514.72 084 $aAMS 57R99 100 1 $aSpring, David$061876 245 10$aConvex integration theory :$bsolutions to the h-principle in geometry and topology /$cDavid Spring 260 $aBasel ; Boston ; Berlin :$bBirkhauser,$cc1998 300 $aviii, 212 p. :$bill. ;$c24 cm. 490 0 $aMonographs in mathematics ;$v92 500 $aIncludes bibliographical references and indexes 650 4$aDifferential topology 907 $a.b10757995$b23-02-17$c28-06-02 912 $a991000792679707536 945 $aLE013 57R SPR11 (1998)$g1$i2013000112169$lle013$o-$pE0.00$q-$rl$s- $t0$u0$v0$w0$x0$y.i10852608$z28-06-02 996 $aConvex integration theory$9374783 997 $aUNISALENTO 998 $ale013$b01-01-99$cm$da $e-$feng$gsz $h0$i1 LEADER 01334nam a2200349 i 4500 001 991001062289707536 005 20020507105935.0 008 970308s1978 uk ||| | eng 020 $a0854981292 035 $ab10168205-39ule_inst 035 $aLE00641486$9ExL 040 $aDip.to Fisica$bita 084 $a53.2.8 084 $a53.2.84 084 $a537.5'6 084 $aQC702.7.B65 111 2 $aInternational Conference on low-energy ion beams$0462729 245 10$aLow-energy ion beams 1977 :$binvited and contributed papers presented at the International Conference held at the University of Salford, 5-8 September 1977 /$cedited by K.G. Stephens, I.H. Wilson and J.L. Moruzzi 260 $aBristol :$bIOP Publishing,$c1978 300 $ax, 322 p. :$bill. ;$c24 cm. 490 0 $aInstitute of Physics conference series ;$v38 500 $aIncludes bibliographies. 650 4$aIon bombardment$xCongresses 700 1 $aMoruzzi, J.L. 700 1 $aStephens, K.G. 700 1 $aWilson, I.H. 907 $a.b10168205$b17-02-17$c27-06-02 912 $a991001062289707536 945 $aLE006 53.2.8 STE$g1$i2006000046763$lle006$o-$pE0.00$q-$rl$s- $t0$u0$v0$w0$x0$y.i10205329$z27-06-02 996 $aLow-energy ion beams 1977$9188299 997 $aUNISALENTO 998 $ale006$b01-01-97$cm$da $e-$feng$guk $h0$i1